| 000 -УДИРДЛАГА |
| Удирдлага |
02075 a2200517 4500 |
| 003 - ХЯНАЛТЫН ТОО ТОДОРХОЙЛОГЧ |
| Код |
MN-UlNUM |
| 005 - БИЧИЛТ ХИЙСЭН ОГНОО |
| Тухайн бичилтийг бичсэн засварласан сүүлийн огноо |
20260103203240.0 |
| 008 - ЕРӨНХИЙ МЭДЭЭЛЭЛ |
| Ерөнхий мэдээлэл |
110605s2011 ohua b 001 0 eng d |
| 020 ## - ISBN |
| ISBN |
9781439078785 |
| 040 ## - БИЧЛЭГ ҮҮСГЭГЧ БАЙГУУЛЛАГА |
| Бичлэг үүсгэгч номын сангийн код |
МУИС-ийн номын сан |
| 084 ## - ББК АНГИЛАЛ |
| Нэмэлт тусгалт |
Сургалтын гарын авлага |
| ББК ангилал |
65.052 |
| Зохиогчийн гурван тэмдэгт |
H 19 |
| Мэдлэгийн ялгаа |
65 - Эдийн засаг |
| 100 1# - ЗОХИОГЧ |
| Зохиогчийн нэр |
Hall, James A. |
| Зохиогчийн огноо |
1944- |
| 245 10 - ҮНДСЭН ГАРЧИГ |
| Номын нэр |
Introduction to accounting information systems |
| Оролцогчдын тухай мэдээ |
James A. Hall |
| 250 ## - ДАХИН ХЭВЛЭЛТ |
| Дахин гаралтын дугаар |
7th ed. |
| 260 ## - ГАРАЛТЫН МЭДЭЭ |
| Хэвлэгдсэн газар |
Mason, OH |
| Хэвлэлийн газар |
South-Western Cengage Learning |
| Хэвлэгдсэн он |
2011 |
| 300 ## - МАТЕРИАЛЫН ТОДОРХОЙЛОЛТ |
| хуудасны тоо |
xxvii, 801 p. |
| Бусад тоон мэдээлэл |
ill. |
| Хэмжээ |
26 cm. |
| 500 ## - Тайлбар |
| Дансны дугаар |
БС 6000 |
| 546 ## - ХЭЛНИЙ ТУХАЙ МЭДЭЭ |
| Хэл |
Англи хэл дээр, |
| 653 ## - Түлхүүр үг |
| Түлхүүр үг |
information storage and retrieval systems |
| 653 ## - Түлхүүр үг |
| Түлхүүр үг |
accounting |
| 740 ## - НОМЫН ГАРЧИГ |
| Гарчиг |
Overview of accounting information systems |
| 740 ## - НОМЫН ГАРЧИГ |
| Гарчиг |
The Information System: An Accountant's Perspective |
| 740 ## - НОМЫН ГАРЧИГ |
| Гарчиг |
Introduction to Transaction Processing |
| 740 ## - НОМЫН ГАРЧИГ |
| Гарчиг |
Ethics, Fraud, and Internal Control |
| 740 ## - НОМЫН ГАРЧИГ |
| Гарчиг |
Transaction cycles and business processes |
| 740 ## - НОМЫН ГАРЧИГ |
| Гарчиг |
The Revenue Cycle |
| 740 ## - НОМЫН ГАРЧИГ |
| Гарчиг |
The Expenditure Cycle Part I: Purchases and Cash Disbursements Procedures |
| 740 ## - НОМЫН ГАРЧИГ |
| Гарчиг |
The Expenditure Cycle Part II: Payroll Processing and Fixed Asset Procedures |
| 740 ## - НОМЫН ГАРЧИГ |
| Гарчиг |
The Conversion Cycle |
| 740 ## - НОМЫН ГАРЧИГ |
| Гарчиг |
Financial Reporting, and Management Reporting Systems |
| 740 ## - НОМЫН ГАРЧИГ |
| Гарчиг |
Advanced technologies in accounting information |
| 740 ## - НОМЫН ГАРЧИГ |
| Гарчиг |
Database Management Systems |
| 740 ## - НОМЫН ГАРЧИГ |
| Гарчиг |
The REA Approach to Business Process Modeling |
| 740 ## - НОМЫН ГАРЧИГ |
| Гарчиг |
Enterprise Resource Planning Systems |
| 740 ## - НОМЫН ГАРЧИГ |
| Гарчиг |
Electronic Commerce Systems |
| 740 ## - НОМЫН ГАРЧИГ |
| Гарчиг |
Systems development activities |
| 740 ## - НОМЫН ГАРЧИГ |
| Гарчиг |
Managing the Systems Development Life Cycle |
| 740 ## - НОМЫН ГАРЧИГ |
| Гарчиг |
Construct, Deliver, and Maintain Systems Project |
| 740 ## - НОМЫН ГАРЧИГ |
| Гарчиг |
Computer controls and auditing |
| 740 ## - НОМЫН ГАРЧИГ |
| Гарчиг |
IT Controls Part I: Sarbanes-Oxley and IT Governance |
| 740 ## - НОМЫН ГАРЧИГ |
| Гарчиг |
IT Controls Part II: Security and Access |
| 740 ## - НОМЫН ГАРЧИГ |
| Гарчиг |
IT Controls Part III: Systems Development, Program Changes, Application Controls |
| 942 ## - ЭЛЕМЕНТИЙН ТӨРӨЛ |
| Зүйлийн төрөл |
Ном |